LIBRARY & INFORMATION CENTRE, KCAET, TAVANUR

ONLINE PUBLIC ACCESS CATALOGUE (OPAC)

Handbook of energy technology trends and perspectives / (Record no. 7108)

MARC details
000 -LEADER
fixed length control field 00465cam a2200169ua 4500
020 ## - INTERNATIONAL STANDARD BOOK NUMBER
ISBN 0 442 22555 5
041 ## - LANGUAGE CODE
Language code of text/sound track or separate title eng
082 ## - DEWEY DECIMAL CLASSIFICATION NUMBER
Classification number 028.71621
Item number DAN/HA
100 ## - MAIN ENTRY--AUTHOR NAME
Personal name Daniel Hunt , V .
245 ## - TITLE STATEMENT
Title Handbook of energy technology trends and perspectives /
250 ## - EDITION STATEMENT
Edition statement 1 /
260 ## - PUBLICATION, DISTRIBUTION, ETC. (IMPRINT)
Place of publication New York :
Name of publisher Van Nostrand Reinhold Company ,
Year of publication 1982.
300 ## - PHYSICAL DESCRIPTION
Number of Pages 1018 ; .
942 ## - ADDED ENTRY ELEMENTS (KOHA)
Koha item type Books
Holdings
Withdrawn status Lost status Damaged status Home library Current library Date acquired Full call number Accession Number Koha item type
      KAUAET   07/04/2012 028.71621 15868 Books
free website counter